000 00417nam a2200157Ia 4500
008 240126s9999 xx 000 0 und d
022 _aDec-76
041 _aEnglish
082 _aBBM
245 0 _aEconomic and Political Weekly (2009-
260 _bSameeksha Trust
_aMumbai
440 _aNULL
650 _aEconomic,Political,Weekly,(2009-,Management. Economic
650 _aManagement. Economic
942 _cJN
999 _c271107
_d271107